Statistiques concernant Auteurs des 100 meilleurs livres de tous les temps

Cliquez ici pour prendre le quiz!

Statistiques générales

  • Ce quiz a été pris 92 fois
    (82 depuis la dernière actualisation)
  • Le résultat moyen est 33 sur 95

Statistiques - réponses

Titre(s)PaysSiècleAuteur% Correct
Le Roi LearRoyaume-UniXVIIèWilliam Shakespeare
88%
HamletRoyaume-UniXVIIèWilliam Shakespeare
88%
Othello ou le Maure de VeniseRoyaume-UniXVIIèWilliam Shakespeare
88%
OdysséeGrèceVIIIè av. J.-C.Homère
86%
IliadeGrèceVIIIè av. J.-C.Homère
86%
Le Rouge et le NoirFranceXIXèStendhal
86%
L'ÉtrangerFranceXXèAlbert Camus
85%
L'Éducation sentimentaleFranceXIXèGustave Flaubert
81%
Madame BovaryFranceXIXèGustave Flaubert
81%
Anna KarénineRussieXIXèLéon Tolstoï
80%
Guerre et PaixRussieXIXèLéon Tolstoï
80%
La Mort d'Ivan IlitchRussieXIXèLéon Tolstoï
80%
1984Royaume-UniXXèGeorge Orwell
77%
Le Père GoriotFranceXIXèHonoré de Balzac
76%
Orgueil et préjugésRoyaume-UniXIXèJane Austen
74%
Don QuichotteEspagneXVIIèMiguel de Cervantes
74%
A la recherche du temps perduFranceXXèMarcel Proust
73%
Le Vieil Homme et la MerÉtats-UnisXXèErnet Hemingway
72%
NouvellesTchéquoslovaquieXXèFranz Kafka
70%
Le ProcèsTchéquoslovaquieXXèFranz Kafka
70%
Le ChâteauTchéquoslovaquieXXèFranz Kafka
70%
Voyage au bout de la nuitFranceXXèLouis-Ferdinand Céline
69%
Crime et ChâtimentRussieXIXèFiodor Dostoïevski
68%
L'IdiotRussieXIXèFiodor Dostoïevski
68%
Les DémonsRussieXIXèFiodor Dostoïevski
68%
Les Frères KaramazovRussieXIXèFiodor Dostoïevski
68%
Divine ComédieItalieXIVèDante Alighieri
66%
Les Hauts de HurleventRoyaume-UniXIXèEmily Brontë
62%
Gargantua & PantagruelFranceXVIèFrançois Rabelais
59%
Mémoires d'HadrienFranceXXèMarguerite Yourcenar
55%
EssaisFranceXVIèMichel de Montaigne
55%
Jacques le Fataliste et son maîtreFranceXVIIIèDenis Diderot
54%
Les MétamorphosesRome antiqueIerOvide
51%
LolitaRussie / États-UnisXXèVladimir Nabokov
50%
L'Amour aux temps du choléraColombieXXèGabriel Garcia Marquez
46%
Cent ans de solitudeColombieXXèGabriel Garcia Marquez
46%
FaustAllemagneXIXèJohann Wolfgang von Goethe
46%
Mobby DickÉtats-UnisXIXèHerman Melville
41%
ContesDanemarkXIXèHans Christian Andersen
39%
ÉnéideRome antiqueIer av. J.-C.Virgile
39%
UlysseIrlandeXXèJames Joyce
38%
Oedipe RoiGrèceVè av. J.-C.Sophocle
36%
Les Aventures de Huckleberry FinnÉtats-UnisXIXèMark Twain
30%
Les Grandes EspérancesRoyaume-UniXIXèCharles Dickens
28%
Les Voyages de GullliverIrlandeXVIIIèJonathan Swift
27%
La Promenade au phareRoyaume-UniXXèVirginia Woolf
26%
Mrs DallowayRoyaume-UniXXèVirginia Woolf
26%
Les Âmes mortesRussieXIXèNicolas Gogol
24%
Le Bruit et la FureurÉtats-UnisXXèWilliam Faulkner
24%
Absalon, Absalon !États-UnisXXèWilliam Faulkner
24%
DécaméronItalieXIVèBoccace
22%
Le BuddenbrookAllemagneXXèThomas Mann
18%
La Montagne magiqueAllemagneXXèThomas Mann
18%
Une maison de poupéeNorvègeXIXèHenrik Ibsen
16%
ContesÉtats-UnisXIXèEdgar Allan Poe
15%
MédéeGrèceVè av. J.-C.Euripide
15%
FictionsArgentineXXèJorge Luis Borges
15%
Le Livre de l'IntranquillitéPortugalXXèFernando Pessoa
14%
Molloy, Malone meurt & L'InnommableIrlandeXXèSamuel Beckett
14%
L'Homme sans qualitéAutricheXXèRobert Musil
9%
BelovedÉtats-UnisXXèToni Morrison
9%
Le Grondement de la montagneJaponXXèYasunari Kawabata
8%
L'AveuglementPortugalXXèJosé Saramago
7%
Vie et opinions de Tristram Shandy, gentilhommeIrlandeXVIIIèLaurence Sterne
7%
Les Enfants de MinuitInde / États-UnisXXèSalman Rushdie
7%
Fifi BrindacierSuèdeXXèAstrid Lindgren
5%
Les Contes de CanterburyRoyaume-UniXIVèGeoffrey Chaucer
5%
Le TambourAllemagneXIXèGünter Grass
5%
NostromoRoyaume-UniXXèJoseph Conrad
5%
Alexis ZorbaGrèceXXèNikos Kazantzákis
5%
Le monde s'effondreNigériaXXèChinua Achebe
4%
Le Dit du GenjiJaponXIèMurasaki Shikibu
4%
Feuilles d'herbeÉtats-UnisXIXèWalt Whitman
4%
La StoriaItalieXXèElsa Morante
3%
MiddlemarchRoyaume-UniXIXèGeorge Eliot
3%
La FaimNorvègeXIXèKnut Hamsun
3%
Les Fils de la MédinaÉgypteXXèNaguib Mahfouz
3%
Berlin AlexanderplatzAllemagneXXèAlfred Döblin
1%
Récits DiversRussieXIXèAnton Tchekhov
1%
Amants et FilsRoyaume-UniXXèD. H. Lawrence
1%
Le Carnet d'orRoyaume-UniXXèDoris Lessing
1%
PoèmesItalieXIXèGiacomo Leopardi
1%
Gens IndépendantsIslandeXXèHalldór Laxness
1%
La Conscience de ZenoItalieXXèItalo Svevo
1%
DiadorimBrésilXXèJoao Guimaraes Rosa
1%
La Reconnaissance de ShâkountalâIndeIV-VèKâlidâsa
1%
Homme invisible, pour qui chantes-tu ?États-UnisXXèRalph Ellison
1%
RamayanaIndeIIè av. J.-C.Valmiki
1%
MasnavîIranXIIèDjalâl ad-Dîn Rûmî
0%
Romancero GitanoEspagneXXèFederico Garcia Loca
0%
Pedro ParamoMexiqueXXèJuan Rulfo
0%
Le Journal d'un FouChineXXèLu Xun
0%
PoèmesFrance / RoumanieXXèPaul Celan
0%
Le Jardin des FruitsIranXIIIèSaadi
0%
Saison de la migration vers le NordSoudanXXèTayeb Salih
0%

Distribution des résultats

Percentile par nombre de réponses

% des personnes avec chaque résultat

Votre développement - résultats

Vous n’avez pas pris ce quiz depuis la dernière actualisation